000
00351nam a2200133Ia 4500
008
231129s9999||||xx |||||||||||||| ||spa||
020
_a
84-7530-352-8
040
_b
spa
082
_a
F843 F815cr
100
_a
France Anatole seud.
245
0
_a
El crimen de un academico
264
_a
Orbis
942
_2
ddc
_c
BKS
999
_c
10709
_d
10709